000 nam a22 a 4500
999 _c57528
_d57528
003 BLK
005 20230221092957.0
008 180408b bul|||||r ||||||| ||bul||
010 _aKNG00061532000
040 _aBLK
041 _aBUL
_cBUL
080 _aБиологични науки
_b57
_z57
080 _aОбща генетика. Обща цитогенетика. Имуногенетика. Учение за еволюцията. Видообразуване. Филогенез
_b575
_z575
100 1 _aСвещаров, Господин В.
_eпърви автор
_9369529
139 _aСвещаров, Господин В.
_bС 25
245 1 0 _aВърхове в развитието на биологията
_bНауч.-попул. четиво
_cГосподин В. Свещаров.
250 _a2. осн. прераб. изд.
257 _aBGR
260 _aСофия
_bУнив. изд. Св. Климент Охридски
_c1991
300 _a192 с.
_bс ил.
_c20 см
380 _a5
500 _a1. изд. 1978 на изд. Нар. просв. Природонауч. библ. ; 1. - Офс. изд. - 6 065 тир. - Терминол. речник.
650 4 _aМолекулярна биология
_9261142
650 4 _aМолекулярна генетика
_9287676
650 4 _aГенетика
_9151765
653 _aмолекулярна биология
653 _aмолекулярна генетика
653 _aгенетичен код
852 _aЦб 168539
856 4 _qpdf
_i11.50
_ldisable
856 4 _qpdf
_i11.50
_ldisable
942 _cKNG
_n0
_s1
944 _aCR
_c13.06.2004
_lф /
_kЛюдмила_Стоянова
944 _aED
_c27.09.2017
_lф /
_kВася_Ганчева
999 _d57528